000 00746nam a22002417a 4500
005 20170124110144.0
010 _aA-353618
020 _c00.00
_a8170990815
035 _aA-353618
037 _bCen Lib/Ret
040 _aDPL
_bEN
082 _a635.8
_bTEW
100 _aTewari, S.C.
_932982
245 _aMushroom cultivation :
_cby S.C. Tewari [and] Pankaj Kapoor
_ban economic analysis /
260 _a Delhi
_bMittal publications
_c1988
270 _b Delhi
_a4528/12, Jai mata market
_e110035
300 _axiv,128p.
_c19cm(Hb)
500 _aIncludes appendix and index
650 _aAgriculture
_915548
650 _aMushroom culture
_932983
700 _aKapoor, Pankaj
_932984
942 _2ddc
_cEN
_h635.8
_mTEW
999 _c131847
_d131847